|
|
|
|
| LEADER |
00000cam a2200000 7i4500 |
| 001 |
0000004143 |
| 005 |
20181226.0 |
| 020 |
0 |
0 |
|a 9789675880056
|
| 090 |
0 |
0 |
|a 577.6809595
|b SAW 2013
|
| 245 |
0 |
4 |
|a Tropical peat swamp forests of Sarawak :
|b Sustainable use and biodiversity conservation in a changing environement
|c Peter J, Van der Meer
|
| 260 |
0 |
0 |
|a Sarawak :
|b Sarawak Forestry Corporation ,
|c 2013
|
| 300 |
|
|
|a 38 p. :
|b photos.ill.col ;
|c 28 cm.
|
| 440 |
0 |
0 |
|a Swamps---Sarawak
|
| 650 |
0 |
0 |
|a Biodiversity conservation---Sarawak
|
| 650 |
0 |
0 |
|a Peat bogs---Sarawak
|
| 700 |
0 |
1 |
|a Van der Meer, Peter J
|
| 998 |
|
|
|a JPSM
|
| 999 |
|
|
|a 008008
|b Monograph
|c Open Shelf
|e Default branch
|